00956nam a22002057a 4500003000400000005001700004008004100021020001800062040000900080245008600089260002200175260003500197300001100232490002300243500035200266650003300618650004200651650002200693700003500715OSt20130524124219.0130524s2007 sp ||||| |||| 00| 0 sp d a9788497842457 cCDMR00aAlternativas a la televisión actualcJosé Manuel Pérez Tornero ... [et al.] aBarcelonabGedisa bFundación Alternativasc2007 a303 p.0 aComunicación.txt aConté: La televisión educativo-cultural en España: bases para un cambio de modelo / José Manuel Pérez Tornero ; Publicidad e infancia / Purificación Llanquet ... [et al.] ; El Consejo Estatal de Medios Audiovisuales / Ángel García Castillejo ; La televisión local : entre el limbo regulatorio y la esperanza digital / Emili Prado04aTelevisió en l'ensenyament04aPublicitatxAspectes ètics i morals04aTelevisió local1 aPérez Tornero, José Manuel